Pre-first placements : how commond and how informed? (Record no. 74687)

MARC details
000 -CABECERA
campo de control de longitud fija 00664nam a2200241 a 4500
005 - FECHA Y HORA DE LA ÚLTIMA TRANSACCIÓN
campo de control 20210219153343.0
008 - ELEMENTOS DE LONGITUD FIJA--INFORMACIÓN GENERAL
campo de control de longitud fija 991125n 000 0 eng u
035 ## - NÚMERO DE CONTROL DEL SISTEMA
Número de control de sistema UPN01000093378
100 ## - ASIENTO PRINCIPAL--NOMBRE PERSONAL
Nombre de persona May, Deborah C.
222 ## - TÍTULO CLAVE
Título clave PSYCHOLOGY IN THE SCHOOLS
245 ## - MENCIÓN DE TÍTULO
Título Pre-first placements : how commond and how informed?
300 ## - DESCRIPCIÓN FÍSICA
Extensión 161-167
362 ## - FECHAS DE PUBLICACIÓN Y/O DESIGNACIÓN SECUENCIAL
Fecha de publicación y/o designación secuencial 1993 30, no. 2
653 0# - TERMINO DE INDIZACION - NO CONTROLADO
Término no controlado COLOCACION DE ESTUDIANTES
653 0# - TERMINO DE INDIZACION - NO CONTROLADO
Término no controlado EDUCACION PRIMARIA
653 0# - TERMINO DE INDIZACION - NO CONTROLADO
Término no controlado GRADO 1
653 0# - TERMINO DE INDIZACION - NO CONTROLADO
Término no controlado LECTURAS ESCOLARES
653 0# - TERMINO DE INDIZACION - NO CONTROLADO
Término no controlado NI\197OS JOVENES
653 0# - TERMINO DE INDIZACION - NO CONTROLADO
Término no controlado OPERACION DE PROGRAMAS
700 ## - ASIENTO SECUNDARIO--NOMBRE DE PERSONAL
Nombre de persona Kundert, Deborah King
904 ## - ELEMENTOS DE DATOS D LOCAL, LDD (RLIN)
a AC
b 031189
905 ## - TIPO DE MATERIAL
Tipo de material Articulo

No items available.